| 000 | 00507ntaaa2200193 4500 | ||
|---|---|---|---|
| 003 | 01 | ||
| 005 | 20251027202443.0 | ||
| 008 | 0714s1973 ag 01 | ||
| 040 |
_aAR-BaBN _bspa _cAR-BaBN _eaacr _dRIC |
||
| 082 | _a266.0230 M46 | ||
| 100 |
_aMeans, Frank K. _914782 |
||
| 245 | _aAcross the bridge | ||
| 250 | _a1 ed. | ||
| 260 |
_aNashville : _bConvention Press, _c1960 |
||
| 300 | _a134 p. | ||
| 500 | _ase trata de misiones en América Latina | ||
| 650 |
_aMisiones-América Latina _914730 |
||
| 942 | _cBK | ||
| 999 |
_c19527 _d19527 |
||